| 000 | 01108naa a22002897a 4500 | ||
|---|---|---|---|
| 001 | BR6009339 | ||
| 003 | BR-BrBNA | ||
| 005 | 20240918173007.0 | ||
| 007 | ta | ||
| 008 | 230509b bl.||||| |||| 00| 0 por d | ||
| 040 |
_aBR-BrBNA _bpor _cBiblioteca Nacional de Agricultura |
||
| 041 | _a(Pt) | ||
| 072 | _aE50 | ||
| 090 | _aE50 BR6009339 | ||
| 100 | 1 | _aChiarelli, C.A.G. | |
| 111 | 1 |
_a11. Conferencia Estadual; 3. Nacional do Soja; 2. Encontro dos Viticultores _cFlores da Cunha, RS (Brazil) _d22 Feb 1973 |
|
| 245 | 1 | _aEnquadramento sindical rural | |
| 260 | 3 |
_aFlores da Cunha, RS (Brasil): _c1973. |
|
| 500 | _a11. Conferencia Estadual, 3. Nacional do Soja e 2. Encontro dos Viticultores Flores da Cunha, RS (Brasil): 1973. p. 85-88 (BR6009339-AM)E50 | ||
| 650 | _aSociologia rural | ||
| 650 | _aSindicato | ||
| 650 | _aEstatuto da terra | ||
| 650 | _aTrabalhador rural | ||
| 773 | 0 |
_t11. Conferencia Estadual, 3. Nacional do Soja e 2. Encontro dos Viticultores _wE50 BR6009339 _gFlores da Cunha, RS (Brasil), 1973. p. 85-88 |
|
| 909 |
_a202404 _bLucia _c55 _dLucia Elande |
||
| 942 |
_cAM _2AGRIS |
||
| 999 |
_c302424 _d302424 |
||